[Event "Washington State Invitational"]
[Site "Redmond"]
[Date "2016.02.15"]
[Round "9"]
[White "Bartron, Paul"]
[Black "Nagase, Masayuki"]
[Result "0-1"]
[WhiteElo "1989"]
[BlackElo "1823"]
[PlyCount "82"]
[EventDate "2016.02.06"]
[EventType "tourn"]
[EventRounds "9"]
[EventCountry "USA"]
[SourceTitle "EXT 2018"]
[Source "ChessBase"]
[SourceDate "2017.10.13"]
[SourceVersion "1"]
[SourceVersionDate "2017.10.13"]
[SourceQuality "1"]

1. e4 c5 2. c3 d5 3. exd5 Qxd5 4. d4 g6 5. Nf3 Bg7 6. Be2 Nh6 7. 0-0 0-0 8. dxc5 Qxc5 9. Be3 Qc7 10. Nd4 a6 11. Qc1 Ng4 12. Bxg4 Bxg4 13. h3 Bd7 14. Bh6 e5 15. Bxg7 Kxg7 16. Nf3 Nc6 17. Nbd2 f5 18. c4 Rae8 19. Qc3 Kg8 20. Rfe1 e4 21. Nd4 Qe5 22. N2b3 f4 23. f3 e3 24. Nxc6 Qxc3 25. bxc3 Bxc6 26. Rad1 Ba4 27. Rd4 Rc8 28. Nc1 b5 29. Ne2 Rxc4 30. Rxc4 bxc4 31. Rb1 Bc2 32. Rb6 Bd3 33. Nd4 Re8 34. Rxa6 e2 35. Nxe2 Rxe2 36. a4 Rc2 37. a5 Rxc3 38. Ra8+ Kg7 39. a6 Ra3 40. a7 Ra2 41. h4 h6 0-1

[Event "Washington State Invitational"]
[Site "Redmond"]
[Date "2016.02.14"]
[Round "7"]
[White "Bartron, Paul"]
[Black "Arganian, David H"]
[Result "1/2-1/2"]
[WhiteElo "1989"]
[BlackElo "2041"]
[PlyCount "102"]
[EventDate "2016.02.06"]
[EventType "tourn"]
[EventRounds "9"]
[EventCountry "USA"]
[SourceTitle "EXT 2018"]
[Source "ChessBase"]
[SourceDate "2017.10.13"]
[SourceVersion "1"]
[SourceVersionDate "2017.10.13"]
[SourceQuality "1"]

1. e4 e5 2. Nf3 Nc6 3. Bc4 Nf6 4. Ng5 d5 5. exd5 b5 6. dxc6 bxc4 7. Qe2 Qd5 8. f3 Be7 9. Nc3 Qxc6 10. Qxe5 0-0 11. Qb5 Bb7 12. Qxc6 Bxc6 13. 0-0 Bc5+ 14. Kh1 Rfe8 15. d3 cxd3 16. cxd3 Rad8 17. Nge4 Bd4 18. Bf4 Bxc3 19. Nxc3 Rxd3 20. Bxc7 Rd2 21. b3 Ng4 22. Kg1 Ne3 23. Rf2 Rxf2 24. Kxf2 Nd5 25. Nxd5 Bxd5 26. Rd1 Bc6 27. Rd6 Re6 28. Rxe6 fxe6 29. Be5 Kf7 30. h4 h5 31. g4 g6 32. Ke3 Bd5 33. g5 a6 34. f4 Ke7 35. Kd4 Kd7 36. Kc5 Bf3 37. Kb6 Be2 38. Kb7 Bd3 39. b4 Bc4 40. a4 Bd3 41. Kb6 Be2 42. b5 axb5 43. axb5 Bf1 44. Kc5 Be2 45. b6 Bf3 46. Bc7 Be4 47. Kd4 Bf5 48. Ke5 Kc6 49. Bd8 Bg4 50. Kf6 Bf5 51. Kf7 Kb7 1/2-1/2

[Event "Washington State Invitational"]
[Site "Redmond"]
[Date "2016.02.06"]
[Round "1"]
[White "Nagase, Toshihiro"]
[Black "Bartron, Paul"]
[Result "1/2-1/2"]
[WhiteElo "1786"]
[BlackElo "1989"]
[PlyCount "46"]
[EventDate "2016.02.06"]
[EventType "tourn"]
[EventRounds "9"]
[EventCountry "USA"]
[SourceTitle "EXT 2018"]
[Source "ChessBase"]
[SourceDate "2017.10.13"]
[SourceVersion "1"]
[SourceVersionDate "2017.10.13"]
[SourceQuality "1"]

1. e4 e5 2. Nf3 Nf6 3. Nc3 Nc6 4. a3 Be7 5. d4 exd4 6. Nxd4 Nxd4 7. Qxd4 d6 8. Be2 0-0 9. 0-0 c6 10. b4 Ne8 11. Rd1 Be6 12. f4 f5 13. e5 dxe5 14. Qxe5 Qc8 15. Bc4 Bxc4 16. Qxe7 Nf6 17. Bb2 Re8 18. Qc5 Be6 19. Rd6 Rd8 20. Re1 Rxd6 21. Qxd6 Kf7 22. Ne2 Qd7 23. Qxd7+ Bxd7 1/2-1/2

[Event "Washington State-ch Premier"]
[Site "Seattle"]
[Date "2015.02.08"]
[Round "4"]
[White "Bartron, Paul"]
[Black "Levine, David M"]
[Result "0-1"]
[WhiteElo "2074"]
[BlackElo "2195"]
[PlyCount "102"]
[EventDate "2015.02.07"]
[EventType "tourn"]
[EventRounds "9"]
[EventCountry "USA"]
[SourceTitle "EXT 2017"]
[Source "ChessBase"]
[SourceDate "2016.10.25"]
[SourceVersion "1"]
[SourceVersionDate "2016.10.25"]
[SourceQuality "1"]

1. e4 e5 2. Nf3 Nc6 3. Bb5 a6 4. Ba4 Nf6 5. 0-0 b5 6. Bb3 Bc5 7. c3 d6 8. d4 Bb6 9. dxe5 Nxe5 10. Nxe5 dxe5 11. Qxd8+ Kxd8 12. Bxf7 Rf8 13. Bd5 Nxd5 14. exd5 Bb7 15. Bg5+ Kd7 16. Na3 Bxd5 17. Rad1 Ke6 18. b3 Bc5 19. Nc2 a5 20. Be3 Bd6 21. Bc1 a4 22. Ne3 Be4 23. f3 Bb1 24. Rf2 axb3 25. axb3 Bc5 26. b4 Bb6 27. Kf1 e4 28. fxe4 Rxf2+ 29. Kxf2 Bxe4 30. Rd2 Ra1 31. Bb2 Rb1 32. Ke2 Rh1 33. h3 g5 34. c4 bxc4 35. Nxc4 Bxg2 36. Nxb6 cxb6 37. Bd4 b5 38. Kf2 Bxh3 39. Be3 h6 40. Rd8 Bf1 41. Rh8 Kf5 42. Bc5 Bc4 43. Kg3 h5 44. Rf8+ Kg6 45. Bd4 h4+ 46. Kg2 Bd5+ 47. Kf2 Rh2+ 48. Kg1 Rg2+ 49. Kf1 h3 50. Be5 Bc4+ 51. Ke1 h2 0-1

[Event "Tacoma March Sundays op"]
[Site "Tacoma"]
[Date "2014.03.16"]
[Round "4"]
[White "Bartron, Paul"]
[Black "Bishop, Alan"]
[Result "0-1"]
[WhiteElo "2108"]
[BlackElo "2000"]
[PlyCount "100"]
[EventDate "2014.03.09"]
[EventType "swiss"]
[EventRounds "4"]
[EventCountry "USA"]
[SourceTitle "EXT 2017"]
[Source "ChessBase"]
[SourceDate "2016.10.25"]
[SourceVersion "1"]
[SourceVersionDate "2016.10.25"]
[SourceQuality "1"]

1. e4 c5 2. Nf3 d6 3. d4 cxd4 4. Nxd4 Nf6 5. Nc3 a6 6. Be2 e5 7. Nb3 Be7 8. Be3 Be6 9. Bf3 Nbd7 10. Qd2 Nb6 11. Bxb6 Qxb6 12. 0-0 0-0 13. Nd5 Nxd5 14. exd5 Bf5 15. Rfe1 Rac8 16. c3 h6 17. Qe3 Qc7 18. g3 a5 19. Nd2 Bg6 20. Qe2 Qb6 21. Nc4 Qb5 22. Na3 Qc5 23. Qe3 Qc7 24. Bg2 Bg5 25. Qe2 f5 26. h4 Bf6 27. c4 Rce8 28. Nb5 Qe7 29. h5 Bh7 30. c5 dxc5 31. d6 Qd7 32. Qc4+ Kh8 33. Qxc5 e4 34. f4 Rc8 35. Nc7 Rfd8 36. Red1 a4 37. Rab1 Qf7 38. Qd5 Qxh5 39. Qxb7 Bg8 40. Nd5 Rb8 41. Qc7 Bxb2 42. d7 Bd4+ 43. Kf1 Qh2 44. Rxd4 Rxb1+ 45. Rd1 Rxd1+ 46. Ke2 Rxd5 47. Qxd8 Qxg2+ 48. Ke1 Qg1+ 49. Ke2 Qd1+ 50. Kf2 Rd2+ 0-1

[Event "Washington Class-ch Expert"]
[Site "Seattle"]
[Date "2011.11.26"]
[Round "3"]
[White "Doknjas, John"]
[Black "Bartron, Paul"]
[Result "1-0"]
[WhiteElo "1903"]
[BlackElo "2287"]
[PlyCount "108"]
[EventDate "2011.11.25"]
[EventType "swiss"]
[EventRounds "6"]
[EventCountry "USA"]
[SourceTitle "EXT 2017"]
[Source "ChessBase"]
[SourceDate "2016.10.25"]
[SourceVersion "1"]
[SourceVersionDate "2016.10.25"]
[SourceQuality "1"]

1. d4 Nf6 2. c4 e6 3. Nc3 d5 4. Bg5 Be7 5. Nf3 0-0 6. e3 Ne4 7. Bxe7 Qxe7 8. cxd5 Nxc3 9. bxc3 exd5 10. Bd3 Nc6 11. Qc2 h6 12. 0-0 Bg4 13. Nd2 Qd7 14. f3 Be6 15. e4 Rad8 16. e5 Ne7 17. f4 Bf5 18. Rae1 Bxd3 19. Qxd3 Qf5 20. Qxf5 Nxf5 21. g4 Ne7 22. f5 Nc8 23. h4 Rfe8 24. g5 c5 25. f6 cxd4 26. cxd4 g6 27. h5 Kh7 28. hxg6+ Kxg6 29. gxh6 Rh8 30. Rf3 Rxh6 31. Re2 Kh7 32. Rg2 Rg8 33. Rxg8 Kxg8 34. Rg3+ Kh8 35. Rc3 Nb6 36. Rc7 Rh3 37. Rxb7 Kg8 38. Rb8+ Kh7 39. Rb7 Kg6 40. Rxa7 Rd3 41. Nb3 Nc4 42. Rd7 Rd1+ 43. Kf2 Rb1 44. Rxd5 Rb2+ 45. Kf3 Rxa2 46. Kf4 Rb2 47. Nc5 Re2 48. Ne4 Nb2 49. Rd8 Nd3+ 50. Kf3 Re1 51. Rg8+ Kf5 52. Rg5+ Ke6 53. Nc3 Nb4 54. Rg2 Kf5 1-0

[Event "Washington Class-ch Expert"]
[Site "Seattle"]
[Date "2011.11.25"]
[Round "1"]
[White "Bishop, Alan"]
[Black "Bartron, Paul"]
[Result "0-1"]
[WhiteElo "2029"]
[BlackElo "2104"]
[PlyCount "58"]
[EventDate "2011.11.25"]
[EventType "swiss"]
[EventRounds "6"]
[EventCountry "USA"]
[SourceTitle "EXT 2017"]
[Source "ChessBase"]
[SourceDate "2016.10.25"]
[SourceVersion "1"]
[SourceVersionDate "2016.10.25"]
[SourceQuality "1"]

1. e4 c5 2. Nf3 d6 3. d4 cxd4 4. Nxd4 Nf6 5. Nc3 a6 6. f3 e6 7. Be3 Be7 8. Qd2 b5 9. g4 Bb7 10. g5 Nfd7 11. h4 b4 12. Na4 d5 13. exd5 Bxd5 14. Bg2 Qa5 15. b3 Nc6 16. 0-0-0 Rc8 17. Nf5 0-0 18. Rhg1 Rfd8 19. h5 exf5 20. Qxd5 Nc5 21. Qc4 Ne5 22. Rxd8+ Rxd8 23. Qe2 Nxa4 24. bxa4 f4 25. Bxf4 Nd3+ 26. Kb1 Nxf4 27. Qxe7 Nd5 28. Qb7 Nc3+ 29. Kb2 Qxa4 0-1

[Event "Ernst Rasmussen BDG tournament"]
[Site "Port Townsend"]
[Date "2010.10.23"]
[Round "2"]
[White "Bartron, Paul"]
[Black "Anderson, Jack W"]
[Result "1-0"]
[WhiteElo "2055"]
[BlackElo "1718"]
[PlyCount "77"]
[EventDate "2010.10.23"]
[EventType "swiss (rapid)"]
[EventRounds "4"]
[EventCountry "USA"]
[SourceTitle "EXT 2017"]
[Source "ChessBase"]
[SourceDate "2016.10.25"]
[SourceVersion "1"]
[SourceVersionDate "2016.10.25"]
[SourceQuality "1"]

1. d4 d5 2. e4 dxe4 3. Nc3 Nf6 4. f3 exf3 5. Nxf3 g6 6. Bc4 Bg7 7. Ne5 0-0 8. 0-0 Nbd7 9. Qe2 Nb6 10. Be3 Nxc4 11. Qxc4 Be6 12. Qb4 Nd5 13. Nxd5 Qxd5 14. c4 Qe4 15. Rae1 Bxe5 16. dxe5 Qxc4 17. Qxe7 Bf5 18. Qg5 Qg4 19. Qf6 Be4 20. g3 Qh3 21. Rf2 Rae8 22. Bc5 Re6 23. Qg5 h6 24. Qf4 Bf5 25. Bxf8 Kxf8 26. Qb4+ Kg7 27. Qxb7 Re7 28. Qc6 Be6 29. Qf3 Qf5 30. Qa3 Qg5 31. Qe3 Qxe3 32. Rxe3 Bxa2 33. Ra3 Bd5 34. Re2 c6 35. Kf2 g5 36. g4 Kg6 37. Ra5 a6 38. Rxa6 Bc4 39. Rxc6+ 1-0

[Event "Washington op"]
[Site "Redmond"]
[Date "2010.05.31"]
[Round "5"]
[White "Sinanan, Joshua C"]
[Black "Bartron, Paul"]
[Result "1-0"]
[WhiteElo "2258"]
[BlackElo "2150"]
[PlyCount "97"]
[EventDate "2010.05.30"]
[EventType "swiss"]
[EventRounds "6"]
[EventCountry "USA"]
[SourceTitle "EXT 2017"]
[Source "ChessBase"]
[SourceDate "2016.10.25"]
[SourceVersion "1"]
[SourceVersionDate "2016.10.25"]
[SourceQuality "1"]

1. d4 Nf6 2. c4 e6 3. Nf3 b6 4. g3 Bb7 5. Bg2 c5 6. d5 exd5 7. Nh4 d6 8. Nc3 Qd7 9. cxd5 b5 10. e4 b4 11. Ne2 Be7 12. 0-0 0-0 13. Nf5 Re8 14. Qc2 Bf8 15. b3 Qd8 16. Bb2 g6 17. Ne3 Qe7 18. Bxf6 Qxf6 19. f4 Nd7 20. Nc4 Qd8 21. Rae1 Nb6 22. Na5 Rb8 23. Nxb7 Rxb7 24. Nc1 a5 25. Nd3 Rc7 26. Nb2 Bg7 27. Nc4 Nxc4 28. Qxc4 Bd4+ 29. Kh1 Rce7 30. e5 dxe5 31. f5 e4 32. Rf4 gxf5 33. Rxf5 Qd6 34. Rf4 e3 35. Qe2 Kh8 36. Ref1 f6 37. Rf5 Rc7 38. R1f4 a4 39. Rh4 axb3 40. axb3 Ra8 41. Be4 Qa6 42. Bd3 Qa1+ 43. Rf1 Qc3 44. d6 Rd7 45. Qf3 Re8 46. Qf5 Qxd3 47. Qxd3 e2 48. Re1 Re3 49. Qb5 1-0

[Event "Washington State-ch Premier"]
[Site "Seattle"]
[Date "2010.02.14"]
[Round "7"]
[White "Bartron, Paul"]
[Black "Xing, Kerry"]
[Result "0-1"]
[WhiteElo "2194"]
[BlackElo "2185"]
[PlyCount "72"]
[EventDate "2010.02.06"]
[EventType "tourn"]
[EventRounds "9"]
[EventCountry "USA"]
[SourceTitle "EXT 2017"]
[Source "ChessBase"]
[SourceDate "2016.10.25"]
[SourceVersion "1"]
[SourceVersionDate "2016.10.25"]
[SourceQuality "1"]

1. d4 f5 2. c4 Nf6 3. Nc3 d6 4. Nf3 g6 5. g3 Bg7 6. Bg2 0-0 7. 0-0 Qe8 8. Re1 Qf7 9. d5 h6 10. Nd4 Na6 11. Ne6 Bxe6 12. dxe6 Qxe6 13. Bxb7 Qxc4 14. Bxa8 Rxa8 15. Qd3 Qc6 16. a3 Nc5 17. Qb5 Qxb5 18. Nxb5 Nd5 19. Rb1 c6 20. Rd1 Rb8 21. a4 a6 22. Na3 Nxa4 23. Rd2 Nc5 24. e3 Kf7 25. Rc2 Nb4 26. Re2 Nbd3 27. Nc4 Ke6 28. Na5 Kd7 29. b3 Bc3 30. Bd2 Ne4 31. Bxc3 Nxc3 32. Rd2 Nxb1 33. Rxd3 Na3 34. b4 Nc2 35. Nc4 Nxb4 36. Rb3 c5 0-1

[Event "Washington State-ch Premier"]
[Site "Seattle"]
[Date "2010.02.06"]
[Round "2"]
[White "Bartron, Paul"]
[Black "Kelley, Dereque D"]
[Result "1/2-1/2"]
[WhiteElo "2194"]
[BlackElo "2138"]
[PlyCount "110"]
[EventDate "2010.02.06"]
[EventType "tourn"]
[EventRounds "9"]
[EventCountry "USA"]
[SourceTitle "EXT 2017"]
[Source "ChessBase"]
[SourceDate "2016.10.25"]
[SourceVersion "1"]
[SourceVersionDate "2016.10.25"]
[SourceQuality "1"]

1. e4 e5 2. Nf3 Nc6 3. Bb5 a6 4. Ba4 Nf6 5. 0-0 Be7 6. d4 exd4 7. e5 Ne4 8. Nxd4 Nxd4 9. Qxd4 Nc5 10. Nc3 Nxa4 11. Qxa4 0-0 12. Bf4 d5 13. exd6 cxd6 14. Rad1 Be6 15. Qb4 a5 16. Qa3 d5 17. Qb3 Bg5 18. Bxg5 Qxg5 19. Nxd5 Rad8 20. c4 b5 21. Qxb5 Rb8 22. f4 Rxb5 23. fxg5 Rxb2 24. Rf2 Rfb8 25. Rdd2 Rb1+ 26. Rf1 Kf8 27. Rxb1 Rxb1+ 28. Kf2 Bxd5 29. cxd5 Ke7 30. d6+ Kd7 31. Kg3 Rb4 32. Rd5 a4 33. Kf3 Rb2 34. Re5 Rxa2 35. Re7+ Kxd6 36. Rxf7 g6 37. Rxh7 Ke6 38. g4 a3 39. h4 Rh2 40. Kg3 a2 41. Ra7 Rb2 42. h5 gxh5 43. gxh5 Rb3+ 44. Kf4 Rb4+ 45. Ke3 Rb3+ 46. Ke4 Rb4+ 47. Kd3 Rb3+ 48. Kc2 Rh3 49. h6 Rh2+ 50. Kb3 Kf5 51. Ra5+ Kg6 52. Rxa2 Rh3+ 53. Kc4 Kxg5 54. Ra6 Rxh6 55. Rxh6 Kxh6 1/2-1/2

[Event "Washington Class-ch Expert"]
[Site "Redmond"]
[Date "2009.11.27"]
[Round "1"]
[White "Kalina, Chris"]
[Black "Bartron, Paul"]
[Result "1/2-1/2"]
[WhiteElo "2084"]
[BlackElo "2194"]
[PlyCount "100"]
[EventDate "2009.11.27"]
[EventType "swiss"]
[EventRounds "6"]
[EventCountry "USA"]
[SourceTitle "EXT 2017"]
[Source "ChessBase"]
[SourceDate "2016.10.25"]
[SourceVersion "1"]
[SourceVersionDate "2016.10.25"]
[SourceQuality "1"]

1. e4 c5 2. Nf3 d6 3. d4 cxd4 4. Nxd4 Nf6 5. f3 g6 6. c4 Bg7 7. Nc3 0-0 8. Be3 Nc6 9. Qd2 Bd7 10. Be2 Qa5 11. 0-0 Rfc8 12. Rfd1 a6 13. Nb3 Qb4 14. Qc2 Na5 15. Nd2 Nxc4 16. Nxc4 Rxc4 17. Bxc4 Qxc4 18. Rac1 Rc8 19. Qd2 Qb4 20. Nd5 Nxd5 21. Rxc8+ Bxc8 22. exd5 Qxb2 23. Qxb2 Bxb2 24. Rb1 Bf6 25. Rc1 Bf5 26. g4 Bd3 27. Rc7 g5 28. Rxb7 Bc4 29. a4 Bxd5 30. Rb8+ Kg7 31. Kf2 Bc4 32. Rc8 d5 33. Bc5 e6 34. Ke3 Be5 35. Bd4 Kf6 36. a5 Bb5 37. Rb8 Bc4 38. Rb7 Bxd4+ 39. Kxd4 Be2 40. Rb3 Bc4 41. Re3 Ke7 42. Kc5 Kd7 43. Re1 Bb5 44. h4 h6 45. hxg5 hxg5 46. Rc1 Bc4 47. Rb1 e5 48. Rb6 Ke7 49. Rb7+ Ke6 50. Rb6+ Ke7 1/2-1/2

[Event "Washington State-ch Premier"]
[Site "Redmond"]
[Date "2009.02.15"]
[Round "8"]
[White "Kelley, Dereque D"]
[Black "Bartron, Paul"]
[Result "1/2-1/2"]
[WhiteElo "2099"]
[BlackElo "2201"]
[PlyCount "121"]
[EventDate "2009.02.07"]
[EventType "tourn"]
[EventRounds "9"]
[EventCountry "USA"]
[SourceTitle "EXT 2017"]
[Source "ChessBase"]
[SourceDate "2016.10.25"]
[SourceVersion "1"]
[SourceVersionDate "2016.10.25"]
[SourceQuality "1"]

1. d4 d5 2. c4 dxc4 3. Nf3 Nf6 4. e3 c5 5. Bxc4 e6 6. Qe2 a6 7. dxc5 Bxc5 8. 0-0 0-0 9. a3 b5 10. Ba2 Bb7 11. b4 Ba7 12. Bb2 Qe7 13. Nbd2 Nbd7 14. Rac1 Rac8 15. Bb1 h6 16. Qd3 Rfd8 17. Rxc8 Bxc8 18. Rc1 Bb6 19. Ne4 Bb7 20. Qd6 Qxd6 21. Nxd6 Ba8 22. Nc8 Bc5 23. bxc5 Rxc8 24. Bd4 Bd5 25. Bd3 Bxf3 26. gxf3 e5 27. Bb2 Rxc5 28. Rxc5 Nxc5 29. Bc2 Nfd7 30. Kf1 Kf8 31. Ke2 Ke7 32. f4 exf4 33. Bxg7 h5 34. Bb2 fxe3 35. Kxe3 Nb6 36. Kf4 Nc4 37. Bc1 Kf6 38. h4 a5 39. Be3 Nxe3 40. Kxe3 b4 41. axb4 axb4 42. Kd4 b3 43. Bb1 Ne6+ 44. Kc3 Nf4 45. Kxb3 Ng2 46. Kc3 Nxh4 47. Kd4 Kg5 48. Ke3 f5 49. Ba2 f4+ 50. Ke2 Nf5 51. Bd5 h4 52. Kf1 Kg4 53. Kg2 Nd4 54. f3+ Kg5 55. Kh3 Nf5 56. Be6 Ne7 57. Bd7 Ng8 58. Bb5 Nf6 59. Bc6 Nh7 60. Bd7 Kh5 61. Bg4+ 1/2-1/2

[Event "Seattle Green op"]
[Site "Seattle"]
[Date "2008.09.14"]
[Round "4"]
[White "Bartron, Paul"]
[Black "Harrison, Drayton"]
[Result "1/2-1/2"]
[WhiteElo "2141"]
[BlackElo "1888"]
[PlyCount "159"]
[EventDate "2008.09.13"]
[EventType "swiss"]
[EventRounds "4"]
[EventCountry "USA"]
[SourceTitle "EXT 2017"]
[Source "ChessBase"]
[SourceDate "2016.10.25"]
[SourceVersion "1"]
[SourceVersionDate "2016.10.25"]
[SourceQuality "1"]

1. d4 Nf6 2. Nf3 e6 3. g3 c5 4. Bg2 cxd4 5. Nxd4 Nc6 6. 0-0 d5 7. c4 Qb6 8. e3 Nxd4 9. exd4 dxc4 10. Nc3 Be7 11. Qe2 0-0 12. Qxc4 Bd7 13. Qe2 Qxd4 14. Bxb7 Rab8 15. Bg2 Qb4 16. Bf4 Rbc8 17. Rfc1 Bc6 18. Rc2 Qb7 19. Bxc6 Rxc6 20. Rac1 Rfc8 21. Qf3 Qa6 22. Qe2 Qxe2 23. Rxe2 Nd5 24. Nxd5 Rxc1+ 25. Bxc1 Rxc1+ 26. Kg2 Bd6 27. Nc3 Kf8 28. f4 g6 29. Kf3 h5 30. Nb5 Bc5 31. a3 a6 32. Nc7 a5 33. Na6 Bd6 34. b4 axb4 35. Nxb4 Ra1 36. Re3 Rh1 37. h4 Ra1 38. Rb3 Ke8 39. Ke4 Kd7 40. Kd4 f6 41. Kc4 e5 42. fxe5 Bxe5 43. Nd3 Bxg3 44. Nc5+ Kc6 45. Rxg3 Rc1+ 46. Kb4 Rxc5 47. Rxg6 Rb5+ 48. Kc4 Rf5 49. Kd4 Kd6 50. Ke4 Ke6 51. Rg3 Ra5 52. Re3 Ra4+ 53. Kf3+ Kf5 54. Kg3 Rg4+ 55. Kh3 Rd4 56. Rb3 Ra4 57. Rb5+ Kg6 58. Rb3 Ra5 59. Kg3 Kf5 60. Rf3+ Ke5 61. Re3+ Kd4 62. Rf3 Ke5 63. Re3+ Kf5 64. Rf3+ Kg6 65. Rb3 Kf7 66. Re3 Ra4 67. Kh3 Kg6 68. Rb3 f5 69. Rb6+ Kg7 70. Rb7+ Kg8 71. Rb8+ Kf7 72. Rb7+ Kf6 73. Rb6+ Ke5 74. Rb5+ Ke6 75. Rb6+ Kf7 76. Rb7+ Kf8 77. Rb5 Rxa3+ 78. Kg2 f4 79. Rxh5 Kg7 80. Rf5 1/2-1/2

[Event "Washington op"]
[Site "Redmond"]
[Date "2008.05.26"]
[Round "5"]
[White "Bragg, David R"]
[Black "Bartron, Paul"]
[Result "0-1"]
[WhiteElo "2224"]
[BlackElo "2192"]
[PlyCount "54"]
[EventDate "2008.05.24"]
[EventType "swiss"]
[EventRounds "6"]
[EventCountry "USA"]
[SourceTitle "EXT 2017"]
[Source "ChessBase"]
[SourceDate "2016.10.25"]
[SourceVersion "1"]
[SourceVersionDate "2016.10.25"]
[SourceQuality "1"]

1. e3 d5 2. c4 e6 3. b3 Be7 4. Bb2 Bf6 5. d4 Ne7 6. f4 c5 7. Nf3 Nf5 8. Qd2 Nc6 9. cxd5 exd5 10. Bb5 0-0 11. 0-0 cxd4 12. exd4 Qb6 13. Bxc6 bxc6 14. g4 Nd6 15. Ne5 Ne4 16. Qg2 Re8 17. Nc3 Qxd4+ 18. Kh1 Nxc3 19. Rac1 Ba6 20. Rf2 Bxe5 21. fxe5 Qxe5 22. Bxc3 d4 23. Bd2 Bd3 24. Kg1 Be4 25. Qh3 Bd5 26. Bf4 Qe4 27. Kf1 Qh1# 0-1

[Event "Washington op"]
[Site "Redmond"]
[Date "2008.05.24"]
[Round "2"]
[White "Bartron, Paul"]
[Black "Lee, Michael"]
[Result "1/2-1/2"]
[WhiteElo "2192"]
[BlackElo "2286"]
[PlyCount "59"]
[EventDate "2008.05.24"]
[EventType "swiss"]
[EventRounds "6"]
[EventCountry "USA"]
[SourceTitle "EXT 2017"]
[Source "ChessBase"]
[SourceDate "2016.10.25"]
[SourceVersion "1"]
[SourceVersionDate "2016.10.25"]
[SourceQuality "1"]

1. d4 Nf6 2. c4 c5 3. e3 cxd4 4. exd4 d5 5. Nc3 Nc6 6. Nf3 Bg4 7. cxd5 Nxd5 8. Be2 e6 9. 0-0 Be7 10. Qb3 Qb6 11. Qxb6 Nxb6 12. h3 Bh5 13. Bf4 0-0 14. Rfd1 Nb4 15. g4 Bg6 16. Ne5 N6d5 17. Nxg6 hxg6 18. Bg3 Rac8 19. Nxd5 Nxd5 20. Rac1 Bg5 21. Rc4 Rxc4 22. Bxc4 Rc8 23. Bb3 Rc1 24. Bb8 a6 25. Rxc1 Bxc1 26. Bxd5 exd5 27. b3 g5 28. Kf1 Kf8 29. Bd6+ Ke8 30. Ke2 1/2-1/2

[Event "Washington State Invitational"]
[Site "Seattle"]
[Date "2008.02.16"]
[Round "5"]
[White "Bartron, Paul"]
[Black "Chang, Eddie Cheng Ho"]
[Result "1-0"]
[WhiteElo "2106"]
[BlackElo "1842"]
[PlyCount "59"]
[EventDate "2008.02.09"]
[EventType "tourn"]
[EventRounds "9"]
[EventCountry "USA"]
[SourceTitle "EXT 2017"]
[Source "ChessBase"]
[SourceDate "2016.10.25"]
[SourceVersion "1"]
[SourceVersionDate "2016.10.25"]
[SourceQuality "1"]

1. e4 d5 2. exd5 Qxd5 3. Nc3 Qa5 4. d4 c6 5. Be2 Nf6 6. Nf3 Bf5 7. 0-0 e6 8. Bf4 Nbd7 9. a3 Be7 10. b4 Qd8 11. Na4 b5 12. Nb2 0-0 13. c4 a6 14. Nh4 Be4 15. Nf3 Rc8 16. Nd2 Bg6 17. Qb3 Nh5 18. Be3 Bd6 19. g3 Nhf6 20. Bf3 h5 21. Bg5 Be7 22. Nd3 Nh7 23. Bxe7 Qxe7 24. Nf4 Qg5 25. Bg2 h4 26. Nf3 Qf5 27. Nxh4 Qc2 28. Qe3 Rfe8 29. Nhxg6 fxg6 30. Be4 1-0

[Event "Washington State Invitational"]
[Site "Seattle"]
[Date "2008.02.10"]
[Round "4"]
[White "Kelley, Dereque D"]
[Black "Bartron, Paul"]
[Result "0-1"]
[WhiteElo "2035"]
[BlackElo "2106"]
[PlyCount "82"]
[EventDate "2008.02.09"]
[EventType "tourn"]
[EventRounds "9"]
[EventCountry "USA"]
[SourceTitle "EXT 2017"]
[Source "ChessBase"]
[SourceDate "2016.10.25"]
[SourceVersion "1"]
[SourceVersionDate "2016.10.25"]
[SourceQuality "1"]

1. d4 d5 2. c4 e6 3. Nc3 Nf6 4. Nf3 Be7 5. Bf4 0-0 6. e3 c5 7. dxc5 dxc4 8. Qc2 Bxc5 9. Bxc4 Nc6 10. a3 a6 11. Bd3 Be7 12. 0-0-0 Bd7 13. g4 Rc8 14. g5 Nd5 15. Nxd5 exd5 16. Kb1 Nd4 17. Bxh7+ Kh8 18. Rxd4 Rxc2 19. Bxc2 Qb6 20. Be5 Rc8 21. Rh4+ Kg8 22. Bg3 Qb5 23. a4 Qe2 24. Bh7+ Kf8 25. Ne5 Bxg5 26. Bd3 Qxd3+ 27. Nxd3 Bxh4 28. Nc5 Bf5+ 29. Ka2 Be7 30. Nxb7 Rc4 31. b3 Rc2+ 32. Ka1 Bb4 33. Be5 Ke7 34. f3 f6 35. Bd4 Rc7 36. Nd8 Rc2 37. Nb7 Bc8 38. Kb1 Rc7 39. Nd8 Ba5 40. Rg1 Kxd8 41. b4 Rb7 0-1

[Event "Washington Challengers Cup"]
[Site "Tacoma"]
[Date "2007.12.30"]
[Round "3"]
[White "Chen, Howard"]
[Black "Bartron, Paul"]
[Result "1/2-1/2"]
[WhiteElo "1993"]
[BlackElo "2081"]
[PlyCount "94"]
[EventDate "2007.12.28"]
[EventType "swiss"]
[EventRounds "4"]
[EventCountry "USA"]
[SourceTitle "EXT 2017"]
[Source "ChessBase"]
[SourceDate "2016.10.25"]
[SourceVersion "1"]
[SourceVersionDate "2016.10.25"]
[SourceQuality "1"]

1. e4 c5 2. Nc3 Nc6 3. Nf3 g6 4. d3 Bg7 5. Be3 Nd4 6. g3 d6 7. Bg2 Qb6 8. Qc1 Nf6 9. h3 Bd7 10. Nd1 0-0 11. c3 Nxf3+ 12. Bxf3 Bb5 13. Qd2 Nd7 14. 0-0 Ne5 15. Bg2 Qa6 16. c4 Bd7 17. Kh2 Nc6 18. Nc3 Rfe8 19. f4 Nd4 20. Rab1 b5 21. e5 dxe5 22. fxe5 Bxe5 23. Ne4 f5 24. Nxc5 Bxg3+ 25. Kxg3 Qd6+ 26. Kf2 Qxc5 27. Qc3 e5 28. Bf3 Rac8 29. b4 Qe7 30. Bxd4 Qh4+ 31. Kg2 Qxd4 32. Qxd4 exd4 33. Rbe1 Re3 34. Rxe3 dxe3 35. c5 Kf7 36. d4 Ke6 37. d5+ Ke5 38. Rd1 g5 39. c6 g4 40. hxg4 fxg4 41. cxd7 gxf3+ 42. Kxf3 Rd8 43. Kxe3 Rxd7 44. Rc1 a6 45. Rc6 Rd6 46. Rc5 Rxd5 47. Rc6 Rd4 1/2-1/2

[Event "Washington Challengers Cup"]
[Site "Tacoma"]
[Date "2007.12.29"]
[Round "1"]
[White "Bartron, Paul"]
[Black "Greninger, Harley"]
[Result "1/2-1/2"]
[WhiteElo "2081"]
[BlackElo "2213"]
[PlyCount "73"]
[EventDate "2007.12.28"]
[EventType "swiss"]
[EventRounds "4"]
[EventCountry "USA"]
[SourceTitle "EXT 2017"]
[Source "ChessBase"]
[SourceDate "2016.10.25"]
[SourceVersion "1"]
[SourceVersionDate "2016.10.25"]
[SourceQuality "1"]

1. e4 c6 2. c4 e6 3. d4 d5 4. Nc3 dxe4 5. Nxe4 Bb4+ 6. Nc3 Nf6 7. Qb3 c5 8. dxc5 Nc6 9. Nf3 Ne4 10. Qc2 Nxc3 11. bxc3 Bxc5 12. Bd3 h6 13. 0-0 0-0 14. Bf4 Qf6 15. Bg3 b6 16. Be4 Bb7 17. Rad1 Qe7 18. Qa4 Rac8 19. Rfe1 Na5 20. Bxb7 Qxb7 21. Rd7 Qc6 22. Qxc6 Nxc6 23. Red1 Rfd8 24. Ne5 Rxd7 25. Rxd7 Rd8 26. Kf1 f6 27. Rxd8+ Nxd8 28. Nd3 Ba3 29. Nb4 Bb2 30. c5 bxc5 31. Nd3 Ba3 32. Bd6 Nb7 33. Bb8 a6 34. c4 e5 35. f3 Na5 36. Ba7 Nxc4 37. Nxc5 1/2-1/2